书目信息 |
| 题名: |
树木医生手册
|
|
| 作者: | 丛日晨 , 李延明 , 弓清秀 著 | |
| 分册: | ||
| 出版信息: | 北京 中国林业出版社 2017.4 |
|
| 页数: | 10,262页 | |
| 开本: | 23cm | |
| 丛书名: | ||
| 单 册: | ||
| 中图分类: | S763.7-62 | |
| 科图分类: | ||
| 主题词: | 树木--病虫害防治--手册 | |
| 电子资源: | ||
| ISBN: | 978-7-5038-8952-3 | |
| 000 | 01184nam0 2200289 450 | |
| 001 | 0400001395 | |
| 005 | 20171018112131.0 | |
| 010 | @a978-7-5038-8952-3@dCNY88.00 | |
| 100 | @a20170619d2017 em y0chiy50 ea | |
| 101 | 0 | @achi |
| 102 | @aCN@b110000 | |
| 105 | @aa z 000yy | |
| 106 | @ar | |
| 200 | 1 | @a树木医生手册@9shu mu yi sheng shou ce@dTree doctor handbook@e一本为园林树木种植养护者答疑解惑的工具书@f丛日晨, 李延明, 弓清秀等著@zeng |
| 210 | @a北京@c中国林业出版社@d2017.4 | |
| 215 | @a10,262页@c图@d23cm | |
| 314 | @a著者还有:李子敬、舒健骅、巢阳、王永格、仇兰芬等9人 | |
| 330 | @a本书总结了近年来北京树木衰弱诊断和复壮方面的一些最新经验和技术。书中引用了作者及其团队近年来在树木衰弱诊断和复壮方面的大量案例。 | |
| 510 | 1 | @aTree doctor handbook@zeng |
| 517 | 1 | @a一本为园林树木种植养护者答疑解惑的工具书@9yi ben wei yuan lin shu mu zhong zhi yang hu zhe da yi jie huo de gong ju shu |
| 606 | 0 | @a树木@x病虫害防治@j手册 |
| 690 | @aS763.7-62@v5 | |
| 701 | 0 | @a丛日晨@9cong ri chen@f(1966- )@4著 |
| 701 | 0 | @a李延明@9li yan ming@f(1965- )@4著 |
| 701 | 0 | @a弓清秀@9gong qing xiu@4著 |
| 801 | 0 | @aCN@b91MARC@c20171018 |
| 905 | @b1025051-5@dS763.7-62@f5@e100 | |
| 树木医生手册=Tree doctor handbook:一本为园林树木种植养护者答疑解惑的工具书/丛日晨, 李延明, 弓清秀等著.-北京:中国林业出版社,2017.4 |
| 10,262页:图;23cm |
| ISBN 978-7-5038-8952-3:CNY88.00 |
| 本书总结了近年来北京树木衰弱诊断和复壮方面的一些最新经验和技术。书中引用了作者及其团队近年来在树木衰弱诊断和复壮方面的大量案例。 |
| ● |
| 相关链接 |
|
|
|
|
正题名:树木医生手册
索取号:S763.7-62/100
 
预约/预借
| 序号 | 登录号 | 条形码 | 馆藏地/架位号 | 状态 | 备注 |
| 1 | 1025051 | 210250510 | 第二样本阅览室/ [索取号:S763.7-62/100] | 在馆 | |
| 2 | 1025052 | 210250529 | 生命科学系资料室/ [索取号:S763.7-62/100] | 在馆 | |
| 3 | 1025053 | 210250538 | 第三借阅区/ [索取号:S763.7-62/100] | 在馆 | |
| 4 | 1025054 | 210250547 | 第三借阅区/ [索取号:S763.7-62/100] | 在馆 | |
| 5 | 1025055 | 210250556 | 第三借阅区/ [索取号:S763.7-62/100] | 在馆 |